How to self publish

Збережено в:
Бібліографічні деталі
Автор: Nicholas, Ted
Формат: Книга
Мова:Англійська
Опубліковано: Enterprise Pub 1980
Теги: Додати тег
Немає тегів, Будьте першим, хто поставить тег для цього запису!

MARC

LEADER 00000nam a2200000 4500
005 20240918193347.0
008 240724b |||||||| |||| 00| 0 eng d
020 |a 978-0913864425 
040 |c GP 
100 |a Nicholas, Ted 
245 |a How to self publish 
260 |b  Enterprise Pub  |c 1980 
942 |2 ddc  |c BK  |n 0 
952 |0 0  |1 0  |2 ddc  |4 0  |6 810_000000000000000_NIC  |7 1  |9 1711  |a RM  |b RM  |d 2024-07-24  |l 0  |o 810 NIC  |p 472  |r 2024-07-24 17:22:15  |w 2024-07-24  |y BK 
999 |c 1524  |d 1524